| 000 | 00425nam a22001697a 4500 | ||
|---|---|---|---|
| 003 | c | ||
| 005 | 20151223181207.0 | ||
| 008 | 151223b xxu||||| |||| 00| 0 eng d | ||
| 040 | _cmacl | ||
| 041 | _aEnglish | ||
| 082 | _a741.642 | ||
| 100 |
_aRoy S. Prof _922659 |
||
| 245 | _aInventors Of Zero & Surgical Science Aryabhatta & Susruta | ||
| 260 |
_aKolkata _bPritonia _c2010 |
||
| 650 |
_aChildren _922660 |
||
| 942 |
_2ddc _cBK |
||
| 999 |
_c51814 _d51814 |
||